Normal view
MARC view
Entry Personal Name
001 - CONTROL NUMBER
- control field: 81273
003 - CONTROL NUMBER IDENTIFIER
- control field: OSt
005 - DATE AND TIME OF LATEST TRANSACTION
- control field: 20211219115556.0
008 - FIXED-LENGTH DATA ELEMENTS
- fixed length control field: 211219|| aca||aabn | a|a d
040 ## - CATALOGING SOURCE
- Original cataloging agency: OSt
- Transcribing agency: OSt
100 ## - HEADING--PERSONAL NAME
- Personal name: वीज, डाॅ . ब्रायन
670 ## - SOURCE DATA FOUND
- Source citation: Work cat.: (OSt)48154: वीज, डाॅ . ब्रायन , मेनी लाइव्ज, मेनी मास्टर्स (कई जीवन , कई देवात्माएं), 2008









